000 00751nam a2200241 i 4500
001 C2-0289261
003 PPAK
005 20180728022123.0
008 080811s2008 my |||| ||||| | may d
040 _aPPAK
_beng
_cPPAK
_erda
082 0 4 _a324.2595
_223
090 0 0 _a324.2595
_bISM
_dKK
100 0 _aIsmail bin Said,
_eauthor
245 1 0 _aParti Islam Sa-Malaysia:
_bKepimpinan dan perjuangan dari tahun 1951 hingga 1970
264 1 _aPerlis :
_bUniversiti Sains Malaysia ,
_c2008
300 _aii, 474 pages ;
_c31 cm
336 _2rdacontent
_atext
337 _2rdamedia
_aunmediated
338 _2rdacarrier
_avolume
500 _aTidak boleh difotokopi ; Tesis - Ijazah Doktor Falsafah
650 1 0 _aPolitical parties
942 _ddc
_cB
999 _c94746
_d94746